Sports Quiz

Random Sports or Basketball Quiz

NBA Mascot Blitz Quiz Stats

 Plays Quiz Updated Jun 8, 2018

Also try: Sports To-Do Lists
Challenge
Share
Tweet
Score 0/16 Timer 01:30
0 Plays Today
% Correct
Benny the Bull
92.2%
Hugo the Hornet
91.1%
The Raptor
91%
Go the Gorilla
90.3%
Bango the Buck
87.3%
Grizz
83.8%
Harry the Hawk
83.4%
Pierre the Pelican
82.4%
% Correct
Crunch the Wolf
78.5%
Rocky the Mountain Lion
76.4%
Blaze the Trail Cat
74.2%
Rumble the Bison
71%
The Coyote
65%
Burnie
57.2%
Hooper
48.1%
Boomer
42.2%

You're not logged in!

Compare scores with friends on all Sporcle quizzes.
OR
Log In

You Might Also Like...

Show Comments

Extras

Top Quizzes Today


Score Distribution

Your Account Isn't Verified!

In order to create a playlist on Sporcle, you need to verify the email address you used during registration. Go to your Sporcle Settings to finish the process.

Report this User

Report this user for behavior that violates our Community Guidelines.

Details: